000
00203nam a22000857a 4500
008
160629b xxu||||| |||| 00| 0 eng d
100
_9
1353
_a
Gupta, S
245
_a
Political Science - XI
260
_a
D
_b
Neelam
999
_c
1115
_d
1115